[Event "Rector Cup MGSU"]
[Site "Moscow RUS"]
[Date "2012.11.11"]
[Round "9.7"]
[White "Nepomniachtchi, Ian"]
[Black "Stukopin, Andrey"]
[Result "1-0"]
[WhiteTitle "GM"]
[BlackTitle "IM"]
[WhiteElo "2707"]
[BlackElo "2481"]
[WhiteFideId "4168119"]
[BlackFideId "24107131"]
[EventDate "2012.11.09"]

1. e4 e5 2. Nf3 Nc6 3. Bb5 a6 4. Ba4 Nf6 5. d3 d6 6. c3 g6 7. Nbd2 Bg7 8. O-O
O-O 9. Re1 h6 10. Nf1 Re8 11. Ng3 b5 12. Bc2 Bb7 13. d4 exd4 14. cxd4 Nb4 15.
Bb1 c5 16. d5 a5 17. h4 h5 18. a4 Qb6 19. Ra3 Ng4 20. Nh2 Ne5 21. Nxh5 gxh5 22.
Qxh5 Ng6 23. Nf3 bxa4 24. Ng5 Nxd5 25. Rf3 Ne5 26. Rxf7 Nxf7 27. Qxf7+ Kh8 28.
Qh5+ Kg8 29. Ba2 c4 30. Qf7+ Kh8 31. Qg6 Kg8 32. h5 Qd4 33. h6 Re7 34. hxg7 Qxg7
35. Qxd6 Rc8 36. Ne6 Rd7 37. Qh2 Qg4 38. exd5 Bxd5 39. Nf4 Re7 40. Be3 Rh7 41.
Nxd5 1-0

[Event "Rector Cup MGSU"]
[Site "Moscow RUS"]
[Date "2012.11.11"]
[Round "9.8"]
[White "Rychagov, Andrey"]
[Black "Dubov, Daniil"]
[Result "1-0"]
[WhiteTitle "GM"]
[BlackTitle "GM"]
[WhiteElo "2561"]
[BlackElo "2600"]
[WhiteFideId "4119932"]
[BlackFideId "24126055"]
[EventDate "2012.11.09"]

1. d4 Nf6 2. c4 c5 3. d5 b5 4. cxb5 a6 5. bxa6 g6 6. Nc3 Bxa6 7. e4 Bxf1 8. Kxf1
d6 9. g3 Bg7 10. Kg2 O-O 11. h3 Nbd7 12. Nf3 Ra6 13. Re1 Qa8 14. Re2 Rb8 15. Qc2
Rb4 16. Bd2 e6 17. dxe6 fxe6 18. Rae1 Rb8 19. b3 Qb7 20. Qd3 Rf8 21. Kh2 Nh5 22.
a4 c4 23. bxc4 Nc5 24. Qe3 Nxa4 25. Nb5 d5 26. exd5 exd5 27. Bb4 Rd8 28. Qe8+
Rxe8 29. Rxe8+ Kf7 30. Ng5+ Kf6 31. Nxh7+ Kf7 32. Ng5+ Kf6 33. Nh7+ Kf7 34.
R8e7+ Qxe7 35. Rxe7+ Kg8 36. Ng5 Nf6 37. Ne6 Bh6 38. Nec7 Rc6 39. Nxd5 Nxd5 40.
cxd5 Rc2 41. d6 Nb6 42. Ba5 Bf8 43. Bxb6 Bxe7 44. dxe7 Kf7 45. Bd8 Rxf2+ 46. Kg1 1-0

[Event "Rector Cup MGSU"]
[Site "Moscow RUS"]
[Date "2012.11.11"]
[Round "9.9"]
[White "Volkov, Sergey"]
[Black "Kostin, Konstantin"]
[Result "1-0"]
[WhiteTitle "GM"]
[BlackTitle "FM"]
[WhiteElo "2577"]
[BlackElo "2307"]
[WhiteFideId "4122763"]
[BlackFideId "4155882"]
[EventDate "2012.11.09"]

1. d4 Nf6 2. c4 e6 3. Nc3 Bb4 4. Qc2 O-O 5. a3 Bxc3+ 6. Qxc3 d5 7. Bg5 dxc4 8.
Qxc4 b6 9. Rd1 Ba6 10. Qa4 Qd7 11. Qc2 Nc6 12. Nf3 Ne7 13. g3 Bb7 14. Bg2 Be4
15. Qc1 Qd5 16. Bxf6 gxf6 17. Qxc7 Nf5 18. Qf4 Rac8 19. O-O Rc2 20. g4 Ng7 21.
Rd2 Rxd2 22. Qxd2 Rc8 23. Rc1 Rxc1+ 24. Qxc1 h5 25. gxh5 Bxf3 26. Bxf3 Qxd4 27.
Qc8+ Kh7 28. Qc7 Qxb2 29. h4 Qxa3 30. Qxf7 Qc1+ 31. Kg2 Qh6 32. Qxa7 Kh8 33.
Qb8+ Kh7 34. Qxb6 Nxh5 35. Bxh5 Qxh5 36. Qxe6 Qg6+ 37. Kf3 Qh5+ 38. Qg4 Qf7 39.
h5 Qb3+ 40. Kg2 Qd5+ 41. e4 Qe5 42. Qg6+ Kh8 43. h6 Qe7 44. Qg7+ Qxg7+ 45. hxg7+
Kxg7 46. Kg3 Kf7 47. Kg4 Ke6 48. Kf4 Ke7 49. Kf5 Kf7 50. f3 Ke7 51. Kg6 Ke8 1-0

[Event "Rector Cup MGSU"]
[Site "Moscow RUS"]
[Date "2012.11.11"]
[Round "9.10"]
[White "Rakhmanov, Aleksandr"]
[Black "Pisakov, Ilia"]
[Result "1-0"]
[WhiteTitle "GM"]
[BlackTitle "FM"]
[WhiteElo "2599"]
[BlackElo "2305"]
[WhiteFideId "4173708"]
[BlackFideId "4139020"]
[EventDate "2012.11.09"]

1. c4 Nf6 2. Nf3 c6 3. d4 d5 4. cxd5 cxd5 5. Nc3 a6 6. Bf4 e6 7. e3 Be7 8. Ne5
Nfd7 9. Nf3 f5 10. h3 Nf6 11. Rc1 Nc6 12. Be2 Bd7 13. Ne5 Nxe5 14. Bxe5 b5 15.
O-O O-O 16. f3 Qa5 17. a3 b4 18. axb4 Qxb4 19. Rf2 Rfc8 20. Bd3 Be8 21. g4 Nd7
22. Bg3 fxg4 23. hxg4 Nf8 24. Rfc2 Ba4 25. Nxa4 Qxa4 26. Rxc8 Qxd1+ 27. Rxd1
Rxc8 28. Ra1 Bb4 29. Bxa6 Rc2 30. Rb1 h6 31. Bd3 Rd2 32. Bb5 Rc2 33. Ba4 Rc8 34.
Kf1 Ra8 35. Bb5 Ra7 36. Ke2 Rb7 37. Bc6 Rb6 38. Ba4 Ra6 39. b3 Ba3 40. Ra1 Bb2
41. Ra2 Bc3 42. Rc2 Bb4 43. Rc8 Kf7 44. Rb8 Ba3 45. Be5 g6 46. Rb7+ Be7 47. f4 1-0

[Event "Rector Cup MGSU"]
[Site "Moscow RUS"]
[Date "2012.11.11"]
[Round "9.11"]
[White "Sharafiev, Azat"]
[Black "Papin, Vasily"]
[Result "1-0"]
[WhiteTitle "IM"]
[BlackTitle "GM"]
[WhiteElo "2428"]
[BlackElo "2546"]
[WhiteFideId "4186214"]
[BlackFideId "4143183"]
[EventDate "2012.11.09"]

1. g3 d5 2. Bg2 Nf6 3. d3 c5 4. Nf3 g6 5. c4 Nc6 6. Qa4 Bd7 7. cxd5 Nxd5 8. Qc4
Ncb4 9. Ne5 e6 10. Nxd7 Qxd7 11. a3 Nc6 12. Nc3 Nd4 13. Ne4 Be7 14. a4 Nb6 15.
Qc3 Nd5 16. Qc4 Nb6 17. Qc3 Nxa4 18. Rxa4 Qxa4 19. e3 O-O 20. exd4 cxd4 21. Qc4
Bb4+ 22. Ke2 Rac8 23. Qxd4 Rfd8 24. Nf6+ Kh8 25. Nd5+ Kg8 26. Bh6 Rc2+ 27. Kf3
Rxf2+ 28. Kg4 f6 29. Qxf2 exd5 30. Kh3 Qd7+ 31. g4 f5 32. g5 Re8 33. Qd4 Re3+
34. Kh4 Be1+ 35. Rxe1 1-0

[Event "Rector Cup MGSU"]
[Site "Moscow RUS"]
[Date "2012.11.11"]
[Round "9.12"]
[White "Balashov, Yuri S"]
[Black "Maiorov, Nikita1"]
[Result "0-1"]
[WhiteTitle "GM"]
[BlackTitle "GM"]
[WhiteElo "2475"]
[BlackElo "2544"]
[WhiteFideId "4100263"]
[BlackFideId "13501720"]
[EventDate "2012.11.09"]

1. c4 Nf6 2. Nc3 e5 3. e3 Nc6 4. a3 g6 5. b4 Bg7 6. Bb2 O-O 7. d3 d5 8. cxd5
Nxd5 9. Rc1 Nxc3 10. Bxc3 Bf5 11. b5 Ne7 12. Nf3 a6 13. a4 axb5 14. axb5 Qd6 15.
e4 Be6 16. Be2 c6 17. d4 exd4 18. Nxd4 Rfd8 19. Nxe6 Qxe6 20. Qc2 Ra2 21. Qb1
Rxe2+ 22. Kxe2 Qc4+ 0-1

[Event "Rector Cup MGSU"]
[Site "Moscow RUS"]
[Date "2012.11.11"]
[Round "10.1"]
[White "Potkin, Vladimir"]
[Black "Savchenko, Boris"]
[Result "1-0"]
[WhiteTitle "GM"]
[BlackTitle "GM"]
[WhiteElo "2665"]
[BlackElo "2556"]
[WhiteFideId "4131061"]
[BlackFideId "4147332"]
[EventDate "2012.11.09"]

1. d4 e6 2. e4 d5 3. Nc3 Bb4 4. e5 Ne7 5. a3 Bxc3+ 6. bxc3 c5 7. Qg4 O-O 8. Bd3
Nbc6 9. Qh5 Ng6 10. Nf3 Nce7 11. h4 Bd7 12. Qg5 c4 13. Bxg6 fxg6 14. h5 Rf5 15.
Qg4 Ba4 16. Ra2 Qe8 17. h6 a5 18. hxg7 Ra6 19. Bg5 Rb6 20. Kd2 h5 21. Qh4 Rxf3
22. Bxe7 Rxf2+ 23. Qxf2 Qxe7 24. Qf6 Qxf6 25. exf6 Be8 26. g4 Rd6 27. Rb2 b6 28.
Ke3 Kh7 29. Kf4 Bf7 30. Ke5 Rc6 31. Rhb1 h4 32. g5 1-0

[Event "Rector Cup MGSU"]
[Site "Moscow RUS"]
[Date "2012.11.11"]
[Round "10.2"]
[White "Andreikin, Dmitry"]
[Black "Popov, Ivan RUS"]
[Result "1/2-1/2"]
[WhiteTitle "GM"]
[BlackTitle "GM"]
[WhiteElo "2723"]
[BlackElo "2624"]
[WhiteFideId "4158814"]
[BlackFideId "4170350"]
[EventDate "2012.11.09"]

1. Nf3 c5 2. c4 g6 3. d4 cxd4 4. Nxd4 Nc6 5. e4 Nf6 6. Nc3 d6 7. f3 Nxd4 8. Qxd4
Bg7 9. Bg5 O-O 10. Qd2 a5 11. Rd1 Be6 12. b3 Nd7 13. Be2 Re8 14. O-O Qb6+ 15.
Kh1 Qb4 16. Na4 Nc5 17. Nxc5 dxc5 18. f4 Qxd2 19. Rxd2 Bd4 20. a4 f6 21. Bh4 Bd7
22. Bf2 e5 23. fxe5 fxe5 24. Bh4 Rf8 25. Rdd1 h6 26. Be7 1/2-1/2

[Event "Rector Cup MGSU"]
[Site "Moscow RUS"]
[Date "2012.11.11"]
[Round "10.3"]
[White "Maiorov, Nikita1"]
[Black "Nepomniachtchi, Ian"]
[Result "0-1"]
[WhiteTitle "GM"]
[BlackTitle "GM"]
[WhiteElo "2544"]
[BlackElo "2707"]
[WhiteFideId "13501720"]
[BlackFideId "4168119"]
[EventDate "2012.11.09"]

1. d4 Nf6 2. c4 g6 3. Nf3 Bg7 4. g3 d5 5. Bg2 O-O 6. O-O dxc4 7. Na3 a5 8. Ne5
Nfd7 9. Nexc4 Nc6 10. Nc2 Ra6 11. e4 b5 12. N4e3 e5 13. dxe5 Ndxe5 14. Nd5 Ne7
15. Bg5 f6 16. Be3 c6 17. Nxe7+ Qxe7 18. Qe2 Nc4 19. Bd4 c5 20. Bc3 Re6 21. b3
Nd6 22. e5 fxe5 23. Bd5 Bb7 24. Bxe6+ Qxe6 25. f3 b4 26. Bb2 c4 27. bxc4 Nxc4
28. Bd4 Qc6 29. Be3 Ba6 30. Rf2 e4 31. Bd4 Na3 32. Qxe4 Qxe4 33. fxe4 Rxf2 34.
Kxf2 Nxc2 35. Bxg7 Kxg7 36. Rc1 Bd3 37. Rd1 Bxe4 38. Rd7+ Kf6 39. Ra7 Ke5 40.
Rxa5+ Kd4 41. g4 Bd5 42. h4 Na3 43. h5 gxh5 44. gxh5 Bxa2 45. Ra7 Bb1 46. Rb7
Kc3 0-1

[Event "Rector Cup MGSU"]
[Site "Moscow RUS"]
[Date "2012.11.11"]
[Round "10.4"]
[White "Chernobay, Artem"]
[Black "Grachev, Boris"]
[Result "1/2-1/2"]
[WhiteTitle "GM"]
[BlackTitle "GM"]
[WhiteElo "2502"]
[BlackElo "2685"]
[WhiteFideId "4167406"]
[BlackFideId "4129199"]
[EventDate "2012.11.09"]

1. e4 c5 2. Nf3 e6 3. d3 Nc6 4. g3 Nf6 5. Bg2 d5 6. Nbd2 g6 7. O-O Bg7 8. Re1
O-O 9. c3 a5 10. e5 Nd7 11. d4 b5 12. Nf1 b4 13. h4 bxc3 14. bxc3 cxd4 15. cxd4
Ba6 16. h5 Nb4 17. Bg5 Qc7 18. h6 Bh8 19. Qd2 Qc2 20. Ne3 Qxd2 21. Nxd2 Rfc8 22.
Rec1 Nc6 23. Nf3 Be2 24. Nc2 Rab8 25. Nce1 a4 26. Rc2 Bc4 27. a3 f6 28. exf6
Bxf6 29. Rd2 Na5 30. Rc2 Rb6 31. Bh3 Re8 32. Bxf6 Nxf6 33. Ng5 Ne4 34. Nef3 Nxg5
35. Nxg5 e5 36. dxe5 Rxe5 37. f4 Re8 38. Bg2 Rb3 39. Rxc4 dxc4 40. Bd5+ Kh8 41.
Nf7+ Kg8 42. Ng5+ Kh8 43. Nf7+ Kg8 44. Ng5+ Kh8 1/2-1/2

[Event "Rector Cup MGSU"]
[Site "Moscow RUS"]
[Date "2012.11.11"]
[Round "10.5"]
[White "Khismatullin, Denis"]
[Black "Geller, Jakov"]
[Result "1-0"]
[WhiteTitle "GM"]
[BlackTitle "GM"]
[WhiteElo "2646"]
[BlackElo "2559"]
[WhiteFideId "4142578"]
[BlackFideId "4151984"]
[EventDate "2012.11.09"]

1. d4 d5 2. c4 e6 3. Nf3 Nf6 4. Nc3 c6 5. e3 Nbd7 6. Qc2 Bd6 7. Bd3 O-O 8. O-O
dxc4 9. Bxc4 a6 10. Rd1 b5 11. Bd3 Bb7 12. Ng5 h6 13. Nge4 Be7 14. a3 Nd5 15.
Nxd5 exd5 16. Ng3 a5 17. Nf5 Bf6 18. Nd6 Qb8 19. Nxb7 Qxb7 20. e4 Bxd4 21. exd5
c5 22. Bh7+ Kh8 23. Be4 Qb6 24. Bf4 Qf6 25. Bg3 Rfe8 26. d6 Ra6 27. Re1 Rxd6 28.
Bxd6 Qxd6 29. Rad1 a4 30. b3 axb3 31. Qxb3 Qf6 32. Qf3 Qxf3 33. Bxf3 Rxe1+ 34.
Rxe1 Ne5 35. Rb1 b4 36. axb4 Nxf3+ 37. gxf3 cxb4 38. Rxb4 Bf6 39. f4 g6 40. f5
Kg7 41. fxg6 fxg6 42. Rb7+ Kg8 43. Kg2 Be5 44. h3 h5 45. Kf3 Bd4 46. Kf4 Bf6 47.
Ke4 Kf8 48. Kd5 Bc3 49. Ke6 Kg8 50. f3 Kf8 51. f4 Bd4 52. f5 gxf5 53. Rf7+ Kg8
54. Rxf5 Kg7 55. Rxh5 Kg6 56. Rh4 Bc3 57. Rg4+ Kh5 58. Kf5 Bb2 59. Rc4 Kh6 60.
Kg4 Be5 61. Rc6+ Kg7 62. Kg5 Kf7 63. Rb6 1-0

[Event "Rector Cup MGSU"]
[Site "Moscow RUS"]
[Date "2012.11.11"]
[Round "10.6"]
[White "Azarov, Sergei"]
[Black "Pavlov, Sergey2"]
[Result "1/2-1/2"]
[WhiteTitle "GM"]
[BlackTitle "IM"]
[WhiteElo "2618"]
[BlackElo "2471"]
[WhiteFideId "13501470"]
[BlackFideId "14114330"]
[EventDate "2012.11.09"]

1. e4 Nf6 2. e5 Nd5 3. d4 d6 4. Nf3 Bg4 5. Be2 c6 6. O-O Bxf3 7. Bxf3 dxe5 8.
dxe5 e6 9. Nd2 Nd7 10. Nc4 b5 11. Nd6+ Bxd6 12. exd6 O-O 13. b3 Ne5 14. Bxd5
exd5 15. Ba3 a5 16. Qd4 f6 17. Bc5 Re8 18. Rfe1 Qd7 19. Re3 Nf7 20. Re7 Rxe7 21.
dxe7 Nd6 22. a4 bxa4 23. Qxa4 Ne4 24. Qd4 Nxc5 25. Qxc5 Kf7 1/2-1/2

[Event "Rector Cup MGSU"]
[Site "Moscow RUS"]
[Date "2012.11.11"]
[Round "10.7"]
[White "Belous, Vladimir"]
[Black "Rychagov, Andrey"]
[Result "0-1"]
[WhiteTitle "IM"]
[BlackTitle "GM"]
[WhiteElo "2554"]
[BlackElo "2561"]
[WhiteFideId "4174003"]
[BlackFideId "4119932"]
[EventDate "2012.11.09"]

1. d4 d5 2. c4 e6 3. Nc3 Nf6 4. cxd5 exd5 5. Bf4 Bd6 6. Bg3 c6 7. e3 Bf5 8. Nge2
O-O 9. Bxd6 Qxd6 10. Ng3 Bg6 11. h4 h6 12. h5 Bh7 13. Bd3 Nbd7 14. Bxh7+ Kxh7
15. Qf3 Qe6 16. Rh4 c5 17. Nf5 cxd4 18. Nxd4 Qb6 19. Rb1 Qa5 20. g4 Kh8 21. Kf1
Rfe8 22. Nf5 Ne5 23. Qf4 Qa6+ 24. Kg1 Rac8 25. Rd1 Rxc3 26. bxc3 Qe2 27. Rd4
Nf3+ 28. Kg2 Nxh4+ 29. Nxh4 Re4 30. Rxe4 dxe4 31. Kg3 Qxa2 32. Nf5 Qe6 33. Qb8+
Kh7 34. Qxb7 Nxh5+ 35. Kg2 Nf6 36. Qxa7 Nxg4 37. Qc5 Qf6 38. Kh3 Nxf2+ 39. Kg3
Nd3 40. Qd5 g6 41. Nd6 Qf2+ 42. Kh3 Qxe3+ 43. Kh2 Qf2+ 44. Kh1 Qh4+ 0-1

[Event "Rector Cup MGSU"]
[Site "Moscow RUS"]
[Date "2012.11.11"]
[Round "10.8"]
[White "Yilmaz, Mustafa"]
[Black "Volkov, Sergey"]
[Result "1/2-1/2"]
[WhiteTitle "GM"]
[BlackTitle "GM"]
[WhiteElo "2531"]
[BlackElo "2577"]
[WhiteFideId "6302718"]
[BlackFideId "4122763"]
[EventDate "2012.11.09"]

1. Nf3 d5 2. d4 Nf6 3. c4 c6 4. Nc3 a6 5. a4 e6 6. g3 dxc4 7. Bg2 c5 8. O-O cxd4
9. Nxd4 Nbd7 10. a5 Bc5 11. Nc2 O-O 12. Be3 Rb8 13. Bf4 e5 14. Bg5 b5 15. axb6
Nxb6 16. Ra5 Qxd1 17. Rxd1 Nbd7 18. Bxf6 gxf6 19. Na4 Rb5 20. Rxb5 axb5 21. Nxc5
Nxc5 22. Rd5 Nb3 23. Rxb5 Be6 24. Bd5 Nd4 25. Nxd4 exd4 26. Bxe6 fxe6 27. Rc5 d3
28. Rxc4 dxe2 29. Re4 e5 30. Rxe2 Rb8 31. Kf1 Kf7 32. Rd2 Ke6 33. Ke2 e4 34. Kd1
h5 35. Kc2 f5 36. Kc3 Rc8+ 37. Kd4 h4 38. b4 hxg3 39. hxg3 Rd8+ 40. Kc3 Rc8+ 41.
Kb3 Rb8 42. Kc4 Rc8+ 43. Kb5 Rb8+ 44. Kc5 Rc8+ 45. Kd4 Rd8+ 46. Ke3 Rb8 47. Rb2
Rb5 48. Kd4 Kd6 49. Kc4 Rb8 50. b5 Kc7 51. b6+ Kb7 52. Kd5 e3 53. fxe3 Re8 54.
Rb3 Re4 55. Kd6 Re8 56. Rc3 Kxb6 57. Rb3+ Ka5 58. Kc5 Ka4 59. Rc3 Re5+ 60. Kd4
Re4+ 61. Kd3 Kb4 62. Rc8 Rg4 63. Rf8 Rg5 64. Kd4 Kb5 65. Ke5 Rxg3 66. Rxf5 Kc6
67. e4 Kd7 68. Kf6 Rh3 69. e5 Ke8 70. Ke6 Rh7 71. Rg5 Rh6+ 72. Kd5 Ra6 73. Rg7
Rh6 74. Ra7 Rb6 75. e6 Rb1 76. e7 Rd1+ 77. Ke6 Re1+ 78. Kd6 Rd1+ 79. Kc6 Rc1+
80. Kb6 Rb1+ 81. Ka6 Ra1+ 82. Kb6 Rxa7 83. Kxa7 Kxe7 1/2-1/2

[Event "Rector Cup MGSU"]
[Site "Moscow RUS"]
[Date "2012.11.11"]
[Round "10.9"]
[White "Sharafiev, Azat"]
[Black "Rakhmanov, Aleksandr"]
[Result "0-1"]
[WhiteTitle "IM"]
[BlackTitle "GM"]
[WhiteElo "2428"]
[BlackElo "2599"]
[WhiteFideId "4186214"]
[BlackFideId "4173708"]
[EventDate "2012.11.09"]

1. g3 d5 2. Bg2 c6 3. d3 Bg4 4. c4 dxc4 5. dxc4 Qxd1+ 6. Kxd1 g6 7. Bd2 Bg7 8.
Bc3 Nf6 9. Nd2 Na6 10. h3 Be6 11. Ngf3 Nc5 12. Nd4 Bd7 13. Bb4 Nfe4 14. Nxe4
Nxe4 15. Bxe4 Bxd4 16. Bc3 Bxc3 17. bxc3 f5 18. Bd3 c5 19. f4 Bc6 20. Rg1 e5 21.
fxe5 Ke7 22. g4 f4 23. g5 Ke6 24. Kd2 Raf8 25. Raf1 Rf7 26. h4 Kxe5 27. Rf2 Rd8
28. h5 Be4 29. hxg6 hxg6 30. Kc2 Rfd7 31. Rg4 Rxd3 32. exd3 Bxd3+ 33. Kb3 Rf8
34. Rd2 Ke4 35. Rg1 Ke3 36. Rgd1 Be2 37. Rd8 Bxd1+ 0-1

[Event "Rector Cup MGSU"]
[Site "Moscow RUS"]
[Date "2012.11.11"]
[Round "10.10"]
[White "Gordievsky, Dmitry"]
[Black "Grigoriants, Sergey"]
[Result "1/2-1/2"]
[WhiteTitle "FM"]
[BlackTitle "GM"]
[WhiteElo "2422"]
[BlackElo "2588"]
[WhiteFideId "24112798"]
[BlackFideId "4130804"]
[EventDate "2012.11.09"]

1. d4 Nf6 2. c4 e6 3. Nf3 b6 4. a3 Bb7 5. Nc3 d5 6. cxd5 Nxd5 7. Qc2 Be7 8. e4
Nxc3 9. bxc3 O-O 10. Bd3 c5 11. O-O Qc8 12. Qa2 Nd7 13. d5 exd5 14. exd5 Bf6 15.
Ng5 Bxg5 16. Bxg5 Ne5 17. Be2 Qf5 18. Be3 Ng4 19. Bxg4 Qxg4 1/2-1/2

[Event "Rector Cup MGSU"]
[Site "Moscow RUS"]
[Date "2012.11.11"]
[Round "10.11"]
[White "Cherniaev, Alexander"]
[Black "Korneev, Oleg"]
[Result "0-1"]
[WhiteTitle "GM"]
[BlackTitle "GM"]
[WhiteElo "2460"]
[BlackElo "2602"]
[WhiteFideId "4117301"]
[BlackFideId "4156803"]
[EventDate "2012.11.09"]

1. e4 c5 2. c3 Nf6 3. d3 Nc6 4. f4 d5 5. e5 Nd7 6. Nf3 Nb6 7. h3 h5 8. g3 Bf5 9.
Nh4 e6 10. Nd2 Be7 11. Ndf3 g6 12. Bg2 c4 13. Nxf5 gxf5 14. h4 cxd3 15. Qxd3 Nd7
16. Ng5 Nc5 17. Qe2 Ne4 18. Rh3 Qb6 19. Be3 Bc5 20. Bxc5 Qxc5 21. Kf1 Na5 22.
Rd1 Nc4 23. Rd4 b5 24. Bf3 Ke7 25. Kg2 Rac8 26. Rh1 b4 27. Bxe4 fxe4 28. Rf1
bxc3 29. bxc3 Qa3 30. Nxe4 Nb6 31. Nf2 Rxc3 32. Rd3 Rg8 33. Rxc3 Qxc3 34. Qf3 0-1

[Event "Rector Cup MGSU"]
[Site "Moscow RUS"]
[Date "2012.11.11"]
[Round "10.12"]
[White "Vorobiov, Evgeny E."]
[Black "Seliverstov, Vladimir"]
[Result "1/2-1/2"]
[WhiteTitle "GM"]
[BlackTitle "FM"]
[WhiteElo "2597"]
[BlackElo "2433"]
[WhiteFideId "4121341"]
[BlackFideId "4192036"]
[EventDate "2012.11.09"]

1. d4 d5 2. c4 c6 3. Nf3 Nf6 4. e3 g6 5. Be2 Bg7 6. O-O O-O 7. Nc3 a6 8. a4 a5
9. b3 Na6 10. Ba3 Re8 11. Ne5 e6 12. Qc2 Nd7 13. Nf3 Nb4 14. Qd2 b6 15. Rac1 Bb7
16. Na2 c5 17. Nc3 Rc8 18. Nb5 Qe7 19. Rfd1 Red8 20. Qe1 e5 21. dxc5 e4 22. c6
Bxc6 23. Nfd4 Bb7 24. Na7 Rc5 25. Bxb4 axb4 26. cxd5 Rxc1 27. Rxc1 Bxd4 28. exd4
Bxd5 29. Bc4 Bb7 30. Nb5 Nf6 31. Qe3 Nd5 32. Qg3 Qf6 33. Qe5 Qxe5 34. dxe5 Nf4
35. Nd6 Bd5 36. g3 Nd3 37. Bxd3 exd3 38. Rd1 Bxb3 39. Rxd3 Bxa4 40. Rd4 Bc6 41.
Rxb4 Ra8 42. f4 b5 43. Ne4 Ra1+ 44. Kf2 Ra2+ 45. Ke3 Rxh2 46. Nf6+ Kg7 47. Rd4
Rh3 48. Kf2 Rh2+ 49. Ke3 Rh3 50. Kf2 Rh2+ 51. Ke3 Ra2 52. Rd6 Bh1 53. Rb6 Ra3+
54. Kf2 Ra2+ 55. Ke3 Ra3+ 56. Kf2 Ra2+ 57. Ke3 Ra3+ 1/2-1/2

[Event "Rector Cup MGSU"]
[Site "Moscow RUS"]
[Date "2012.11.11"]
[Round "11.1"]
[White "Nepomniachtchi, Ian"]
[Black "Potkin, Vladimir"]
[Result "1/2-1/2"]
[WhiteTitle "GM"]
[BlackTitle "GM"]
[WhiteElo "2707"]
[BlackElo "2665"]
[WhiteFideId "4168119"]
[BlackFideId "4131061"]
[EventDate "2012.11.09"]

1. e4 c5 2. Nf3 e6 3. Qe2 Nc6 4. g3 d5 5. exd5 Qxd5 6. Nc3 Qd8 7. Bg2 Nf6 8. O-O
Be7 9. Rd1 Nd4 10. Nxd4 cxd4 11. Ne4 O-O 12. c4 d3 13. Nxf6+ Bxf6 14. Qe4 Bd4
15. a4 f5 16. Qf3 e5 17. Qd5+ Kh8 18. Qxd8 Rxd8 19. Bd5 Rb8 20. Ra3 e4 21. Kg2
b6 22. f3 Bb7 23. Bxb7 Rxb7 24. Re1 Bc5 25. b4 1/2-1/2

[Event "Rector Cup MGSU"]
[Site "Moscow RUS"]
[Date "2012.11.11"]
[Round "11.2"]
[White "Rychagov, Andrey"]
[Black "Andreikin, Dmitry"]
[Result "0-1"]
[WhiteTitle "GM"]
[BlackTitle "GM"]
[WhiteElo "2561"]
[BlackElo "2723"]
[WhiteFideId "4119932"]
[BlackFideId "4158814"]
[EventDate "2012.11.09"]

1. d4 g6 2. c4 Bg7 3. e4 d6 4. Nc3 Nc6 5. Be3 Nf6 6. Be2 O-O 7. Nf3 Ng4 8. Bg5
h6 9. Bh4 g5 10. Bg3 e5 11. dxe5 Ngxe5 12. O-O Be6 13. Nxe5 dxe5 14. Nd5 Nd4 15.
Bg4 Qd7 16. Ne3 Bxg4 17. Nxg4 Qe6 18. Ne3 Rad8 19. Qa4 h5 20. h3 g4 21. h4 Qg6
22. Nf5 Nxf5 23. exf5 Qxf5 24. Qxa7 Qe6 25. Rfe1 f5 26. Bf4 Rd3 27. Qxb7 Qd6 28.
Bg5 e4 29. c5 Qd4 30. Be3 Qxb2 31. Qxc7 f4 32. Bxf4 Bd4 33. Be3 Bxe3 34. fxe3
Rd2 35. Kh1 Rxg2 36. Rf1 Rgf2 37. Rxf2 Qxf2 38. Qe7 Qf3+ 39. Kg1 Qxe3+ 40. Kh1
Qf3+ 41. Kg1 g3 42. Qg5+ Kh7 43. Qd2 g2 44. Qe1 e3 45. Rd1 Qh3 0-1

[Event "Rector Cup MGSU"]
[Site "Moscow RUS"]
[Date "2012.11.11"]
[Round "11.4"]
[White "Savchenko, Boris"]
[Black "Rakhmanov, Aleksandr"]
[Result "1/2-1/2"]
[WhiteTitle "GM"]
[BlackTitle "GM"]
[WhiteElo "2556"]
[BlackElo "2599"]
[WhiteFideId "4147332"]
[BlackFideId "4173708"]
[EventDate "2012.11.09"]

1. e4 e6 2. Nc3 d5 3. d4 Nf6 4. e5 Nfd7 5. f4 c5 6. Nf3 Nc6 7. Be3 cxd4 8. Nxd4
Bc5 9. Qd3 Nxd4 10. Bxd4 Bxd4 11. Qxd4 Qb6 12. Qxb6 Nxb6 13. O-O-O Bd7 14. g4 h5
15. g5 g6 16. Bd3 Ke7 17. Ne2 a6 18. Nd4 Nc8 19. b3 Na7 20. Kb2 Nc6 21. Nf3 Rhc8
22. c4 Nb4 23. cxd5 Nxd5 24. Be4 Bc6 25. Nd4 Nxf4 26. Nxc6+ bxc6 27. Rd6 Ra7 28.
Bxc6 Rac7 29. Ba4 a5 30. Ka3 Nd5 31. Rd1 Nb4 32. Rd7+ Rxd7 33. Rxd7+ Kf8 34. Ra7
Rc5 35. Ra8+ Kg7 36. Be8 Rxe5 37. Ra7 Kf8 38. Bxf7 Re2 39. Ka4 Nc6 40. Rc7 Ne7
41. Bxe6 Rxe6 42. Kxa5 Re5+ 43. Ka6 Rxg5 44. b4 Nd5 45. Rc4 Rg2 46. a4 Rxh2 47.
b5 Ke7 48. a5 h4 49. b6 Nxb6 50. axb6 Ra2+ 51. Kb5 Rb2+ 52. Kc6 h3 53. Rh4 Rb3
54. b7 Ke6 55. Rh8 Rc3+ 56. Kb5 Rb3+ 57. Kc6 Rc3+ 58. Kb5 Rb3+ 59. Kc6 Rc3+ 60.
Kb5 Rb3+ 1/2-1/2

[Event "Rector Cup MGSU"]
[Site "Moscow RUS"]
[Date "2012.11.11"]
[Round "11.5"]
[White "Grachev, Boris"]
[Black "Yilmaz, Mustafa"]
[Result "0-1"]
[WhiteTitle "GM"]
[BlackTitle "GM"]
[WhiteElo "2685"]
[BlackElo "2531"]
[WhiteFideId "4129199"]
[BlackFideId "6302718"]
[EventDate "2012.11.09"]

1. d4 Nf6 2. Nf3 d5 3. c4 c6 4. e3 Bf5 5. Nc3 e6 6. Nh4 Be4 7. f3 Bg6 8. Qb3 Qc7
9. g3 Be7 10. cxd5 cxd5 11. Nxg6 hxg6 12. e4 Nc6 13. Bf4 Qd7 14. O-O-O Rc8 15.
Kb1 Na5 16. Qb5 Nc4 17. exd5 exd5 18. Qxd7+ Kxd7 19. h4 Rc6 20. Bh3+ Kd8 21. Bg5
Na3+ 22. bxa3 Rxc3 23. Rc1 Rc6 24. Rxc6 bxc6 25. Rc1 Kc7 26. Rc3 Bd6 27. g4 Nd7
28. Bf1 f6 29. Bd2 Rxh4 30. Bb5 Nb8 31. Bd3 g5 32. Rb3 Rh1+ 33. Kc2 Rh2 34. Kd1
Nd7 35. Ba6 Nb6 36. a4 Bf4 37. Bxf4+ gxf4 38. a5 Nc4 39. Rb7+ Kd6 40. Rxa7 Rxa2
41. Bxc4 dxc4 42. Ra8 c3 43. Rd8+ Ke6 44. Kc1 Rxa5 45. Kc2 Ra2+ 46. Kxc3 Ra3+
47. Kc4 Rxf3 48. Rc8 Kd7 49. Rg8 g5 50. Rg7+ Ke8 51. Rc7 Rf1 52. Kd3 Rc1 53. Kd2
Rc4 54. Kd3 f3 55. Rh7 Rc1 56. Rh2 Rg1 57. Rf2 Rxg4 58. Rxf3 Ke7 59. Kc4 Rg1 60.
Re3+ Kd6 61. Rf3 Ke6 62. Re3+ Kf5 63. Rc3 g4 64. Kc5 Rd1 65. Ra3 Rc1+ 66. Kd6
Rc4 67. Ra5+ Kg6 68. d5 cxd5 69. Ra8 Re4 70. Kxd5 Re5+ 71. Kd4 Kf5 72. Ra1 Re4+
73. Kd3 Re8 74. Ra5+ Kf4 75. Ra4+ Kg5 0-1